Arte en América y Filipinas /
Tallennettuna:
| Muut tekijät: | |
|---|---|
| Aineistotyyppi: | Kirja |
| Kieli: | espanja |
| Aiheet: | |
| Tagit: |
Ei tageja, Lisää ensimmäinen tagi!
|
MARC
| LEADER | 00000nam^a2200000^a^4500 | ||
|---|---|---|---|
| 001 | 000125386 | ||
| 005 | 20250521000000.0 | ||
| 009 | 20260310094647.105 | ||
| 037 | |a Acervo ITESO - Biblioteca | ||
| 041 | |a ESP | ||
| 082 | |a 709. 80 |b ART | ||
| 245 | 0 | 0 | |a Arte en América y Filipinas / |c Angulo Iñiguez, Diego... [et al.]. |
| 264 | |a Sevilla, España : |b Universidad de Sevilla, Laboratorio de Arte, | ||
| 300 | |a 168 p. | ||
| 336 | |a texto |b txt |2 rdacontenido | ||
| 337 | |a sin mediación |b n |2 rdamedio | ||
| 338 | |a volumen |b nc |2 rdasoporte | ||
| 649 | |a XX | ||
| 650 | |a Escultura Barroca | ||
| 650 | |a Escultura Española | ||
| 650 | |a Arte - |z México - |x Estudio y Enseñanza | ||
| 650 | |a Arte - |z México - |x Historia y Crítica | ||
| 650 | |a Hospitales - |z Guadalajara, Jalisco - |x Historia | ||
| 650 | |a Templos Cristianos - |z América - |x Historia | ||
| 650 | |a Evangelización - |z América - |x Historia | ||
| 650 | |a Catedrales - |z México (Ciudad) | ||
| 650 | |a Catedrales - |z Morelia, Michoacán | ||
| 650 | |a Catedrales - |z México (Ciudad) | ||
| 650 | |a Catedrales - |z San Juan, Puerto Rico | ||
| 650 | |a Arquitectura Religiosa - |z México (Ciudad) - |x Historia y Crítica | ||
| 650 | |a Arquitectura Religiosa - |z Morelia, Michoacán - |x Historia y Crítica | ||
| 650 | |a Arquitectura Virreinal - |z México (Ciudad) - |x Historia y Crítica | ||
| 650 | |a Arquitectura Virreinal - |z Morelia, Michoacán - |x Historia y Crítica | ||
| 650 | |a Arquitectura Mexicana | ||
| 650 | |a Arquitectura Puertorriqueña | ||
| 650 | |a Arquitectura Virreinal | ||
| 650 | |a Arquitectos Españoles | ||
| 700 | |a Angulo Iñiguez, Diego |e (autor) | ||
| 910 | |a Fondo Salvador Reynoso Reynoso | ||
| 920 | |a Impresos - Libros | ||
| 930 | |a Fondos Especiales | ||
| 905 | |a 112 | ||
| 901 | |a 0800008174 |b IT2 |c ESP |u 20250521 | ||
| 902 | |a https://opac.biblio.iteso.mx/vufind/Record/000125386 | ||